Monuments of Delhi: (Record no. 35074)
[ view plain ]
| 000 -LEADER | |
|---|---|
| fixed length control field | 03385nam a22004097a 4500 |
| 005 - DATE AND TIME OF LATEST TRANSACTION | |
| control field | 20100405114510.0 |
| 010 ## - LCCN (DPL NO) | |
| LC control number | B-379430-432 B-425071-078 |
| 020 ## - INTERNATIONAL STANDARD BOOK NUMBER | |
| International Standard Book Number | 8173051143 (set) |
| Terms of availability | 4500.00(set) |
| 020 ## - INTERNATIONAL STANDARD BOOK NUMBER | |
| International Standard Book Number | 8173051119 (v.1) |
| Terms of availability | 4500.00(set) |
| 020 ## - INTERNATIONAL STANDARD BOOK NUMBER | |
| International Standard Book Number | 8173051127 (v.2) |
| Terms of availability | 4500.00(set) |
| 020 ## - INTERNATIONAL STANDARD BOOK NUMBER | |
| International Standard Book Number | 8173051135 (v.3&4) |
| Terms of availability | 4500.00(set) |
| 035 ## - SYSTEM CONTROL NUMBER | |
| System control number | B-379430-432 |
| 035 ## - SYSTEM CONTROL NUMBER | |
| System control number | B-425071-078 |
| 037 ## - SOURCE OF ACQUISITION | |
| Source of stock number/acquisition | UBH |
| 037 ## - SOURCE OF ACQUISITION | |
| Source of stock number/acquisition | Researchco Book Centre |
| 082 ## - DEWEY DECIMAL CLASSIFICATION NUMBER | |
| Classification number | 954.16 |
| 245 ## - TITLE STATEMENT | |
| Title | Monuments of Delhi: |
| Remainder of title | lasting splendour of the great Mughals and others / |
| Statement of responsibility, etc | edited by J.A. Page; compiled by Maulvi Zafar Hasan |
| 260 ## - PUBLICATION, DISTRIBUTION, ETC. (IMPRINT) | |
| Place of publication, distribution, etc | New Delhi |
| Name of publisher, distributor, etc | Aryan Books International |
| Date of publication, distribution, etc | 2008(repr.) |
| 270 ## - ADDRESS | |
| Address | 4378/4B. Pooja Apartments, 4, Ansari Raod, Daryaganj |
| City | New Delhi |
| Postal code | 110002 |
| 300 ## - PHYSICAL DESCRIPTION | |
| Extent | 4V. (xx, 201p.; x, 308p.; xi, 210p.; vi, 75p.) |
| Dimensions | 26cm(Hb) |
| 500 ## - GENERAL NOTE | |
| General note | includes index |
| 505 ## - FORMATTED CONTENTS NOTE | |
| Formatted contents note | v.1-Shahjahanabad; v.2-Delhi zail; v.3-Mahrauli zail; v.4- Badarpur zail- Shahdara zail |
| 700 ## - ADDED ENTRY--PERSONAL NAME | |
| Personal name | Page, J.A. |
| 9 (RLIN) | 27094 |
| 700 ## - ADDED ENTRY--PERSONAL NAME | |
| Personal name | Zafar Hasan |
| 9 (RLIN) | 27095 |
| 942 ## - ADDED ENTRY ELEMENTS (KOHA) | |
| Source of classification or shelving scheme | Dewey Decimal Classification |
| Item type | Reference Books |
| Call number suffix | MON |
| Classification part | 954.16 |
| Withdrawn status | Lost status | Materials specified (bound volume or other part) | Not for loan | Collection code | Home library | Current library | Date acquired | Source of acquisition | Cost, normal purchase price | Full call number | Barcode | Copy number | Cost, replacement price | Koha item type | Public note |
|---|---|---|---|---|---|---|---|---|---|---|---|---|---|---|---|
| v.1-Shahja | Not For Loan | Reference | Central Library | Central Library | 05/04/2010 | UBH/245/24.2.10/178/23.2.10/24.2.10 | 4500.00 | 954.16 MON | B-379430 | 1 | 4500.00 | English Books | v.1-Shahjahanabad | ||
| v.2-Delhi | Not For Loan | Reference | Central Library | Central Library | 05/04/2010 | UBH/245/24.2.10/178/23.2.10/24.2.10 | 4500.00 | 954.16 MON | B-379431 | 1 | 4500.00 | English Books | v.2-Delhi zail | ||
| v.3 & 4-Ma | Not For Loan | Reference | Central Library | Central Library | 05/04/2010 | UBH/245/24.2.10/178/23.2.10/24.2.10 | 4500.00 | 954.16 MON | B-379432 | 1 | 4500.00 | English Books | v.3-Mahrauli zail; v.4- Badarpur zail- Shahdara zail | ||
| v.1 | Not For Loan | Reference | Patel Nagar | Patel Nagar | 09/08/2011 | Researchco Book Centre/RBC-22386/2011-12/14.3.11/76/4.3.11/23.3.11 | 4500.00 | 954.16 MON | B-425071 | 1 | 4500.00 | Reference Books | |||
| v.2 | Not For Loan | Reference | Patel Nagar | Patel Nagar | 09/08/2011 | Researchco Book Centre/RBC-22386/2011-12/14.3.11/76/4.3.11/23.3.11 | 4500.00 | 954.16 MON | B-425072 | 1 | 4500.00 | Reference Books | |||
| v.3 & 4 | Not For Loan | Reference | Patel Nagar | Patel Nagar | 09/08/2011 | Researchco Book Centre/RBC-22386/2011-12/14.3.11/76/4.3.11/23.3.11 | 4500.00 | 954.16 MON | B-425073 | 1 | 4500.00 | Reference Books | |||
| v.1 | Not For Loan | Reference | Sarojini Nagar | Sarojini Nagar | 09/08/2011 | Researchco Book Centre/RBC-22386/2011-12/14.3.11/76/4.3.11/23.3.11 | 4500.00 | 954.16 MON | B-425074 | 1 | 4500.00 | Reference Books | |||
| v.2 | Not For Loan | Reference | Sarojini Nagar | Sarojini Nagar | 09/08/2011 | Researchco Book Centre/RBC-22386/2011-12/14.3.11/76/4.3.11/23.3.11 | 4500.00 | 954.16 MON | B-425075 | 1 | 4500.00 | Reference Books | |||
| v.3 & 4 | Not For Loan | Reference | Sarojini Nagar | Sarojini Nagar | 09/08/2011 | Researchco Book Centre/RBC-22386/2011-12/14.3.11/76/4.3.11/23.3.11 | 4500.00 | 954.16 MON | B-425076 | 1 | 4500.00 | Reference Books |
